|
|
|
|
| LEADER |
00000nam a22000007a 4500 |
| 005 |
20140505175850.0 |
| 007 |
cr|||| |||| |
| 008 |
140505c20089999co |||| s|||| 0|||a1spa d |
| 022 |
|
|
|a 0124-4035
|
| 035 |
|
|
|a 3173
|
| 040 |
|
|
|a vLex
|
| 090 |
|
|
|c 4915
|d 4915
|
| 245 |
0 |
0 |
|a Revista Desafo̕s
|h [Recurso electrn̤ico]
|
| 256 |
|
|
|a Servicio en ln̕ea
|
| 260 |
|
|
|a [s.l.] :
|b Universidad del Rosario,
|c 2008 -
|
| 300 |
|
|
|a 1 recurso electrn̤ico
|
| 310 |
|
|
|a Anual
|
| 362 |
|
|
|a Nm︢. 1 (2008) -
|
| 506 |
1 |
|
|a Contenido disponible en los productos indicados
|d vLex Global
|d vLex Global (Academic Edition, excluding Law Schools)
|d vLex Global (U.S. Academic Edition, excluding Law Schools)
|
| 650 |
0 |
4 |
|a Ciencia polt̕ica
|z Colombia
|
| 650 |
0 |
4 |
|a Relaciones laborales
|z Colombia
|
| 740 |
0 |
|
|a vLex Revistas (Servicio en ln̕ea)
|
| 856 |
4 |
0 |
|u http://vlex.com/source/3173
|z Acceso restringido
|
| 942 |
|
|
|c REV
|
| 999 |
0 |
|
|a Political science
|
| 999 |
0 |
|
|a Industrial relations
|